Powiaty Polski (ULTRATRUDNE) - bez mapy oraz tabelki - Statystyki

Ogólne statystyki
  • Ten quiz został rozwiązany 99 razy
  • Średni wynik to 230 z 380
Statystyki odpowiedzi
Odpowiedź % Poprawnych
Łódź
71%
Warszawa
71%
augustowski
69%
bielski
69%
bydgoski
69%
Bydgoszcz
69%
aleksandrowski
66%
Białystok
66%
Chorzów
66%
cieszyński
66%
Gliwice
66%
Jastrzębie-Zdrój
66%
Jaworzno
66%
Jelenia Góra
66%
kaliski
66%
Kalisz
66%
Katowice
66%
leszczyński
66%
Leszno
66%
łódzki wschodni
66%
Łomża
66%
łomżyński
66%
Lublin
66%
mławski
66%
opolski
66%
Piekary Śląskie
66%
pruszkowski
66%
puławski
66%
Radom
66%
radomszczański
66%
rybnicki
66%
Rybnik
66%
sejneński
66%
Siedlce
66%
siedlecki
66%
Skierniewice
66%
skierniewicki
66%
suwalski
66%
Świnoujście
66%
Szczecin
66%
Toruń
66%
toruński
66%
Wałbrzych
66%
wałbrzyski
66%
warszawski zachodni
66%
Wrocław
66%
wrocławski
66%
zgierski
66%
żywiecki
66%
bartoszycki
63%
będziński
63%
bełchatowski
63%
Biała Podlaska
63%
białostocki
63%
Bielsko-Biała
63%
bieszczadzki
63%
brzeski
63%
buski
63%
Chełm
63%
chojnicki
63%
Częstochowa
63%
częstochowski
63%
Dąbrowa Górnicza
63%
dąbrowski
63%
Elbląg
63%
elbląski
63%
Gdańsk
63%
Gdynia
63%
gliwicki
63%
gnieźnieński
63%
gołdapski
63%
gorlicki
63%
gorzowski
63%
Gorzów Wielkopolski
63%
gostyniński
63%
gostyński
63%
grójecki
63%
Grudziądz
63%
grudziądzki
63%
hajnowski
63%
kętrzyński
63%
kielecki
63%
kłodzki
63%
kołobrzeski
63%
kolski
63%
Konin
63%
koniński
63%
kościański
63%
Koszalin
63%
koszaliński
63%
Kraków
63%
krakowski
63%
krośnieński
63%
Krosno
63%
kutnowski
63%
łaski
63%
legionowski
63%
Legnica
63%
legnicki
63%
łowicki
63%
miński
63%
Mysłowice
63%
nowodworski
63%
nowotarski
63%
nyski
63%
oławski
63%
Opole
63%
ostrołęcki
63%
ostrowski
63%
oświęcimski
63%
otwocki
63%
pabianicki
63%
piaseczyński
63%
Płock
63%
płocki
63%
płoński
63%
policki
63%
Poznań
63%
poznański
63%
przemyski
63%
Przemyśl
63%
pucki
63%
raciborski
63%
radomski
63%
Ruda Śląska
63%
sandomierski
63%
sanocki
63%
Siemianowice Śląskie
63%
sieradzki
63%
Słupsk
63%
słupski
63%
sochaczewski
63%
Sopot
63%
Sosnowiec
63%
śremski
63%
stargardzki
63%
starogardzki
63%
Suwałki
63%
świdnicki
63%
świebodziński
63%
Świętochłowice
63%
szamotulski
63%
tarnogórski
63%
Tarnów
63%
tarnowski
63%
tatrzański
63%
tomaszowski
63%
wąbrzeski
63%
wadowicki
63%
węgrowski
63%
wielicki
63%
Włocławek
63%
włocławski
63%
wołomiński
63%
Zabrze
63%
zgorzelecki
63%
Zielona Góra
63%
żniński
63%
Żory
63%
bialski
60%
bolesławiecki
60%
braniewski
60%
chełmiński
60%
chełmski
60%
chrzanowski
60%
ciechanowski
60%
dębicki
60%
drawski
60%
działdowski
60%
ełcki
60%
garwoliński
60%
gdański
60%
głubczycki
60%
golubsko-dobrzyński
60%
grajewski
60%
grodziski
60%
gryfiński
60%
hrubieszowski
60%
iławski
60%
jarosławski
60%
kędzierzyńsko-kozielski
60%
Kielce
60%
kluczborski
60%
kolneński
60%
krapkowicki
60%
kraśnicki
60%
kwidzyński
60%
łańcucki
60%
lęborski
60%
leski
60%
limanowski
60%
lipnowski
60%
lubelski
60%
lwówecki
60%
malborski
60%
miechowski
60%
mielecki
60%
mogileński
60%
moniecki
60%
myślenicki
60%
myśliborski
60%
nakielski
60%
namysłowski
60%
nowomiejski
60%
nowosądecki
60%
nowosolski
60%
nowotomyski
60%
obornicki
60%
oleśnicki
60%
Olsztyn
60%
olsztyński
60%
ostródzki
60%
Ostrołęka
60%
ostrowiecki
60%
pilski
60%
piotrkowski
60%
Piotrków Trybunalski
60%
piski
60%
prudnicki
60%
przasnyski
60%
rawski
60%
rycki
60%
rypiński
60%
siemiatycki
60%
sierpecki
60%
sławieński
60%
słubicki
60%
sokólski
60%
średzki
60%
stalowowolski
60%
starachowicki
60%
strzelecki
60%
szczycieński
60%
Tarnobrzeg
60%
tarnobrzeski
60%
trzebnicki
60%
Tychy
60%
węgorzewski
60%
wieluński
60%
wieruszowski
60%
wodzisławski
60%
wysokomazowiecki
60%
wyszkowski
60%
ząbkowicki
60%
zambrowski
60%
żarski
60%
zduńskowolski
60%
zielonogórski
60%
złotoryjski
60%
żuromiński
60%
zwoleński
60%
żyrardowski
60%
białogardzki
57%
biłgorajski
57%
bocheński
57%
brodnicki
57%
brzeziński
57%
brzozowski
57%
Bytom
57%
bytowski
57%
chodzieski
57%
czarnkowsko-trzcianecki
57%
człuchowski
57%
giżycki
57%
głogowski
57%
goleniowski
57%
inowrocławski
57%
janowski
57%
jasielski
57%
kamiennogórski
57%
kamieński
57%
kartuski
57%
kazimierski
57%
kłobucki
57%
konecki
57%
kościerski
57%
kozienicki
57%
krotoszyński
57%
łęczycki
57%
łęczyński
57%
lipski
57%
łosicki
57%
lubański
57%
lubiński
57%
lubliniecki
57%
makowski
57%
międzychodzki
57%
międzyrzecki
57%
mikołowski
57%
milicki
57%
myszkowski
57%
nidzicki
57%
olkuski
57%
opatowski
57%
opoczyński
57%
pleszewski
57%
poddębicki
57%
przeworski
57%
radziejowski
57%
rawicki
57%
Rzeszów
57%
rzeszowski
57%
sępoleński
57%
skarżyski
57%
sokołowski
57%
strzelecko-drezdenecki
57%
strzeliński
57%
suski
57%
świdwiński
57%
świecki
57%
sztumski
57%
szydłowiecki
57%
tczewski
57%
tucholski
57%
turecki
57%
wałecki
57%
wejherowski
57%
włodawski
57%
włoszczowski
57%
wołowski
57%
wolsztyński
57%
wschowski
57%
żagański
57%
złotowski
57%
bieruńsko-lędziński
54%
choszczeński
54%
dzierżoniowski
54%
górowski
54%
gryficki
54%
jarociński
54%
jaworski
54%
kępiński
54%
kolbuszowski
54%
krasnostawski
54%
leżajski
54%
lidzbarski
54%
łobeski
54%
lubartowski
54%
mrągowski
54%
niżański
54%
Nowy Sącz
54%
olecki
54%
oleski
54%
ostrzeszowski
54%
pajęczański
54%
pińczowski
54%
polkowicki
54%
proszowicki
54%
pszczyński
54%
pułtuski
54%
pyrzycki
54%
radzyński
54%
ropczycko-sędziszowski
54%
słupecki
54%
staszowski
54%
strzyżowski
54%
szczecinecki
54%
wągrowiecki
54%
wrzesiński
54%
zamojski
54%
Zamość
54%
białobrzeski
51%
jędrzejowski
51%
karkonoski
51%
lubaczowski
51%
łukowski
51%
przysuski
51%
sulęciński
51%
zawierciański
51%
parczewski
49%
Nie znaleziono quizów pasujących do podanych kryteriów
Rozkład punktacji
Procent ludzi z każdym wynikiem
Percentyl według liczby udzielonych odpowiedzi
Twoja historia wyników
Nie rozwiązałeś tego quizu